00611nam a22001577a 450000500170000002000220001703500120003903700130005124501140006426000540017830000250023270000300025794200290028799900170031695201200033320120505130325.0 a8173913420c00.00 aB-19315 aDPLbENG aExploited children :bA comprehensive blueprint for child labour rehabilitation /cedited by M. Koteswara Rao aNew DelhibKanishka Publishers Distributorsc2000 axiii, 416p.c20 cms. aRao, M. Koteswara 946482 2ddccENh331.310954mEXP c66215d66215 001040708NFICaZLSbZLSd2012-05-05g0.00l0o331.310954 EXPpB-19315r2012-05-05 00:00:00v0.00w2012-05-05yEN